[Event "Andorra op 30th"]
[Site "La Massana"]
[Date "2012.07.26"]
[Round "6"]
[White "Georgiev, Kiril"]
[Black "Peralta, Fernando"]
[Result "1-0"]
[WhiteElo "2680"]
[BlackElo "2602"]
[PlyCount "97"]
[EventDate "2012.07.21"]
[EventType "swiss"]
[EventRounds "9"]
[EventCountry "AND"]
[SourceTitle "CBM 149 Extra"]
[Source "ChessBase"]
[SourceDate "2012.08.24"]
[SourceVersion "1"]
[SourceVersionDate "2012.08.24"]
[SourceQuality "1"]

1. d4 d5 2. c4 e6 3. Nf3 Nf6 4. e3 c5 5. cxd5 exd5 6. Bb5+ Nbd7 7. dxc5 Bxc5 ({RR} 7... a6 8. Be2 Nxc5 9. O-O Be7 10. b3 O-O 11. Bb2 Bf5 12. Nc3 Rc8 13. Rc1 Qd7 14. Nd4 Bg6 15. Nf3 Bf5 16. Nd4 Bg6 17. Nf3 Bf5 {½-½ (17) Gledura,B (2635)-Van Foreest,J (2701) Terme Catez 2021}) 8. O-O a6 ({RR} 8... O-O 9. Nc3 Nb6 10. b3 Bg4 11. h3 Bh5 12. Bb2 Qe7 13. Be2 Ba3 14. Bxa3 Qxa3 15. Qd4 Qe7 16. Rfc1 Rfc8 17. a4 Ne4 18. a5 Nxc3 19. Rxc3 Rxc3 20. Qxc3 Nc8 21. Rc1 Nd6 22. Qc5 Bg6 23. Qxd5 {Stocek,J (2482)-Mikulka,M (2163) Teplice CZE 2026 1-0 (35)}) 9. Be2 b5 $146 ({RR} 9... O-O 10. Bd2 Ne4 11. Bc3 Ndf6 12. Bd4 Bd6 13. Nc3 Re8 14. Rc1 Bg4 15. Na4 Qe7 16. a3 b5 17. Nb6 Rad8 18. Rc6 Qe6 19. Ne5 Bxe2 20. Qxe2 Qf5 21. g4 Nxg4 22. Qxg4 Rxe5 23. Qg2 Nd2 24. Nxd5 {Ipatov,A (2512)-Peralta,F (2603) Barcelona 2011 ½-½}) ({RR} 9... O-O 10. Nc3 Nb8 11. a3 Bd6 12. b4 Bc7 13. Bb2 Qd6 14. g3 Bh3 15. Re1 Nc6 16. Rc1 Rfe8 17. Nd4 Nxd4 18. Qxd4 Bb6 19. Qd3 d4 20. Na4 Qd5 21. f3 Ba7 22. Bxd4 Bf5 23. Qd1 Bxd4 24. Qxd4 {Tang,Z (2371)-Li,R (2162) Saint Louis 2025 1-0 (34)}) 10. Bd2 O-O 11. Bc3 Bb7 12. Nbd2 Bd6 13. Bd4 Re8 14. a4 b4 15. a5 Ne4 16. Ne1 Ndc5 17. Ndf3 Ne6 18. Nd3 Rc8 19. Be5 Bxe5 20. Ndxe5 Qd6 21. Qb3 d4 22. exd4 Bd5 23. Qe3 Nf6 24. Bd3 Rcd8 25. Rfe1 Bb7 26. Bc4 Nd5 27. Qe4 f6 28. Nd3 Ba8 29. Qg4 Kh8 30. Qg3 Qxg3 31. hxg3 Ndc7 32. Nxb4 Nxd4 33. Rxe8+ Nxe8 34. Nxd4 Rxd4 35. b3 Nd6 36. Nxa6 Nxc4 37. bxc4 Rxc4 38. Rb1 Rc8 39. Nc7 Be4 40. Rb4 Bc6 41. Rb6 Be4 42. Re6 Bg6 43. Re7 Kg8 44. a6 Kf8 45. Nd5 Bf7 46. Rc7 Ra8 47. Nb4 g5 48. a7 Kg7 49. Nd5 1-0

[Event "ESP-chT Honor Gp1"]
[Site "Lugo"]
[Date "2009.09.20"]
[Round "1"]
[White "Milov, Vadim"]
[Black "Galkin, Alexander"]
[Result "0-1"]
[WhiteElo "2659"]
[BlackElo "2608"]
[PlyCount "96"]
[EventDate "2009.09.20"]
[EventType "team-tourn"]
[EventRounds "5"]
[EventCountry "ESP"]
[SourceTitle "CBM 133"]
[Source "ChessBase"]
[SourceDate "2009.11.19"]
[SourceVersion "1"]
[SourceVersionDate "2009.11.19"]
[SourceQuality "1"]

1. d4 d5 2. c4 e6 3. Nf3 c6 4. Bg5 Be7 5. Bxe7 Qxe7 6. e3 Nf6 7. Nc3 O-O 8. Rc1 ({RR} 8. Be2 Nbd7 9. O-O dxc4 10. Bxc4 c5 11. e4 cxd4 12. Qxd4 e5 13. Nd5 Qd6 14. Nxf6+ Qxf6 15. Qc3 g5 16. Rfd1 g4 17. Nd2 Nb6 18. Bb3 Be6 19. Nf1 Rac8 20. Qg3 Nc4 21. Rac1 Nxb2 22. Rxc8 Rxc8 {Birkisson,B (2207)-Davidsson,O (1933) Reykjavik ISL 2026 1-0 (34)}) 8... Rd8 9. cxd5 $146 ({RR} 9. Qc2 dxc4 10. Bxc4 c5 11. O-O cxd4 12. Nxd4 Bd7 13. Rfd1 Nc6 14. Nf3 Be8 15. h3 Rac8 16. a3 h6 17. Rxd8 Rxd8 18. Bd3 Qd6 19. Rd1 Qc7 20. Ne4 Nxe4 21. Bxe4 Rxd1+ 22. Qxd1 Ne7 23. Qc2 Qxc2 {Le,Q (2709)-Carlsen,M (2864) Oslo 2022 ½-½ (50)}) ({RR} 9. Qc2 dxc4 10. Bxc4 c5 11. O-O cxd4 12. Nxd4 Bd7 13. Rfd1 Nc6 14. Be2 Nxd4 15. Rxd4 Bc6 16. Rcd1 h6 17. a3 Rxd4 18. Rxd4 Rd8 19. Qd2 Rxd4 20. Qxd4 b6 21. Bb5 {½-½ (21) Gurevich,M (2617)-Galkin,A (2598) Konya 2011}) ({RR} 9. Qc2 dxc4 10. Bxc4 c5 11. O-O Nc6 12. dxc5 Qxc5 13. Ne4 Qe7 14. Nxf6+ Qxf6 15. Bd3 g6 16. Be4 Bd7 17. Qb3 Rab8 18. Rc5 Be8 19. Rfc1 Ne7 20. Nd4 Nc6 21. Nf3 Ne7 22. Bb1 Rd6 23. Qc3 Qxc3 {Rustemov,A (2573)-Galkin,A (2616) Moscow 2006 ½-½ (60)}) 9... exd5 10. Qc2 Bg4 11. Ne5 c5 12. Nxg4 Nxg4 13. Be2 cxd4 14. Bxg4 dxc3 15. bxc3 Nc6 16. O-O Ne5 17. Bh3 Rd6 18. Rfd1 Rad8 19. Rd4 g6 20. Qe2 Qc7 21. g3 Rc6 22. Bg2 Rxc3 23. Rxc3 Qxc3 24. Bxd5 Kg7 25. Kg2 Qc5 26. Qd1 Rd7 27. e4 Qc3 28. Rd2 Nf3 29. Re2 Qf6 30. Re3 Ne5 31. Qb3 g5 32. f3 h5 33. Re2 Rc7 34. Rf2 b6 35. Qe3 Ng6 36. Qe2 h4 37. Qd2 Rc3 38. f4 gxf4 39. gxf4 h3+ 40. Kf1 Rc5 41. Rf3 Qa1+ 42. Kf2 Rc1 43. Kg3 Rc8 44. Kf2 Rc1 45. Kg3 Rc8 46. Kf2 Qh1 47. Rxh3 Rc1 48. Qb2+ f6 0-1

[Event "2nd 3-0 Thu 19th Mar 2026"]
[Site "chess.com INT"]
[Date "2026.03.19"]
[Round "5"]
[White "Deac, Bogdan-Daniel"]
[Black "Kollars, Dmitrij"]
[Result "1/2-1/2"]
[WhiteElo "2655"]
[BlackElo "2624"]
[PlyCount "94"]
[EventDate "2026.03.19"]

1. d4 d5 2. c4 e6 3. Nf3 Nf6 4. g3 Bb4+ 5. Nc3 dxc4 6. Bg2 O-O 7. a3 Bxc3+ 8. bxc3 Nc6 ({RR} 8... Nbd7 9. a4 c5 10. a5 b5 11. axb6 Qxb6 12. Nd2 Nd5 13. Nxc4 Qd8 14. Na5 Nxc3 15. Qc2 Nd5 16. dxc5 Qc7 17. Bf4 Nxf4 18. Bxa8 Ba6 19. Bf3 Nd3+ 20. Kf1 N7e5 21. Kg2 Nxf3 22. exf3 Rb8 23. Rhb1 {Ivanchuk,V (2710)-Fressinet,L (2700) Huaian 2016 1-0 (34)}) ({RR} 8... c5 9. O-O cxd4 10. cxd4 Bd7 11. Qc2 Bc6 12. Qxc4 h6 13. a4 Bd5 14. Qc3 Nc6 15. Ba3 Re8 16. Rfd1 Rc8 17. Qb2 Na5 18. Ne5 Nc4 19. Nxc4 Rxc4 20. Bf1 Rxa4 21. f3 b6 22. e4 Bc4 23. Qc2 {Yurasov,M (2270)-Daneshvar,B (2597) Moscow RUS 2026 0-1 (31)}) ({RR} 8... c6 9. a4 b5 10. Bg5 Bb7 11. Ne5 a6 12. Qb1 Qc7 13. Bxf6 gxf6 14. Ng4 f5 15. Qc1 fxg4 16. Qg5+ Kh8 17. Qf6+ Kg8 18. Qg5+ Kh8 19. Qf6+ Kg8 20. Qg5+ {½-½ (20) Deac,B (2650)-Sklokin-Bagiyan,S (2440) chess.com INT 2026}) 9. O-O Rb8 10. a4 $146 ({RR} 10. Bg5 b6 11. e4 h6 12. Bh4 Qe8 13. Bxf6 gxf6 14. Nd2 Na5 15. Qh5 Kg7 16. Rae1 e5 17. d5 Nb3 18. Nxc4 b5 19. Ne3 Nd2 20. Bh3 Bxh3 21. Qxh3 Rh8 22. Nf5+ Kf8 23. Kg2 Nxf1 24. Rxf1 Rb6 {Perelshteyn,E (2511)-Chua,A (2300) Philadelphia 2017 1-0 (31)}) 10... Re8 11. Ba3 b6 12. Nd2 Na5 13. Bb4 Bb7 14. Bxb7 Nxb7 15. Nxc4 Nd5 16. Qd3 Nd6 17. Ne5 Qc8 18. Nc6 Ra8 19. e4 Nf6 20. e5 Qb7 21. exf6 Qxc6 22. fxg7 Qe4 23. Qa6 Qd5 24. Bxd6 cxd6 25. Qb5 Qxb5 26. axb5 Rac8 27. Rxa7 Rxc3 28. Rb7 Rd3 29. Rc1 Kxg7 30. Rcc7 Rf8 31. Rxb6 Rxd4 32. Rbb7 Rb4 33. b6 Kf6 34. Rc6 d5 35. Rd7 Rb8 36. Rcc7 R4xb6 37. Rxf7+ Ke5 38. Rxh7 d4 39. Rcd7 Rf8 40. Rh5+ Rf5 41. Rxf5+ exf5 42. h4 Ke4 43. Kg2 d3 44. Rd8 Rc6 45. Rd7 Rb6 46. Rd8 Rc6 47. Rd7 Rb6 1/2-1/2

[Event "1st 3-0 Thu 26th Mar 2026"]
[Site "chess.com INT"]
[Date "2026.03.26"]
[Round "9"]
[White "Erigaisi, Arjun"]
[Black "Martinez Alcantara, Jose Eduardo"]
[Result "1/2-1/2"]
[WhiteElo "2745"]
[BlackElo "2656"]
[PlyCount "92"]
[EventDate "2026.03.26"]

1. d4 {Gelfand,Boris} d5 2. c4 e6 3. Nf3 Nf6 4. e3 b6 5. b3 Bb7 6. Bb2 Nbd7 7. Bd3 Be7 8. O-O a6 9. Nc3 O-O 10. Rc1 ({RR} 10. Qe2) 10... Ne4 ({RR} 10... c5) ({RR} 10... Bd6) 11. Qc2 Ndf6 $146 ({RR} 11... f5 12. Ne2 Bd6 13. Ne5 Bxe5 ({RR} 13... Rc8) 14. dxe5 Ndc5 15. Bxe4 ({RR} 15. Nf4) 15... dxe4 16. Ba3 Rf7 17. Bxc5 bxc5 18. Rfd1 Qe8 19. Rd2 Bc6 20. Nf4 Rd7 21. Rxd7 Qxd7 22. Rd1 Qe8 23. h4 g6 24. Qd2 a5 25. Qe2 h5 26. Qb2 {Pachman,L-De Greif,B Mar del Plata 1955 1-0 (51)}) ({RR} 11... f5 12. Ne2 Bd6 13. Ne5 Bxe5 14. dxe5 Ndc5 15. cxd5 Nxd3 ({RR} 15... exd5 16. Bxe4 fxe4 17. Ba3) ({RR} 15... Bxd5 16. Nf4) 16. Qxd3 Bxd5 ({RR} 16... exd5 17. Nf4) 17. Nf4 Nc5 18. Qc3 ({RR} 18. Qc2 Be4 19. Qc3) 18... Rf7 ({RR} 18... a5 19. Ba3) 19. Ba3 Ne4 ({RR} 19... Nb7 20. Rfd1) 20. Qc2 Rd7 21. f3 Ng5 22. Nxd5 ({RR} 22. h4 Nf7 23. e4 Bb7 24. Nxe6 Qxh4) 22... Rxd5 23. Qxc7 Nf7 ({RR} 23... h6 24. Bd6 Nf7 25. Qxd8+ Rxd8 26. Bc7 R8d7 27. f4) 24. f4 g5 25. Be7 Qe8 ({RR} 25... Qxc7 26. Rxc7) 26. Bf6 {Gelfand,B (2665)-Short,N (2660) Brussels 1991 Candidates [Gelfand,Boris] 1-0 (35)}) ({RR} 11... f5 12. cxd5 exd5 13. Ne5 Bf6 14. f3 Nd6 15. Ne2 Rc8 16. Bxf5 Nxf5 17. Qxf5 Nxe5 18. dxe5 Bg5 19. Qd3 c5 20. f4 Bh6 21. Ng3 d4 22. Nf5 Rxf5 23. Qxf5 Qd5 24. Qg4 dxe3 25. Rfd1 Qe4 26. Rc4 {Pettersson,A (1841)-Mazurek,J (1890) Warsaw POL 2024 1-0 (41)}) ({RR} 11... f5 12. Ne2 Bd6 13. Ne5 c6 14. f3 Nec5 15. Nf4 Nxd3 16. Nfxd3 Nxe5 17. dxe5 Be7 18. Nf4 Qd7 19. cxd5 exd5 20. Qf2 Bg5 21. Qg3 Bxf4 22. Qxf4 Qe6 23. Rfd1 a5 24. a3 c5 25. Rd2 Rfe8 26. Qg3 {Najdorf,M-Jimenez Zerquera,E Varna 1962 ½-½ (40)}) 12. Ne2 Rc8 13. cxd5 exd5 14. Nf4 Bd6 15. h3 Re8 16. Rfe1 h6 17. a3 Qe7 18. b4 Nd7 19. Qb3 Ndf6 20. Bb1 c5 21. dxc5 bxc5 22. bxc5 Nxc5 23. Qd1 Nce4 24. Qe2 Bxa3 25. Rxc8 Rxc8 26. Nd4 Qb4 27. Bxa3 Qxa3 28. Nf5 Rc1 29. Bxe4 dxe4 30. Kh2 Rxe1 31. Qxe1 Bc8 32. Nd4 Bd7 33. Qb1 Qd6 34. Kg1 a5 35. Qb7 a4 36. Nfe2 Qc5 37. Ng3 h5 38. Nxe4 Nxe4 39. Qxd7 Qc1+ 40. Kh2 Nd2 41. Qxa4 Nf1+ 42. Kg1 Nxe3+ 43. Kh2 Nf1+ 44. Kg1 Ne3+ 45. Kh2 Nf1+ 46. Kg1 Ne3+ 1/2-1/2

[Event "Bundesliga 0607"]
[Site "Germany"]
[Date "2006.12.09"]
[Round "5.2"]
[White "Nikolic, Predrag"]
[Black "Motylev, Alexander"]
[Result "0-1"]
[WhiteElo "2626"]
[BlackElo "2662"]
[PlyCount "92"]
[EventDate "2006.10.28"]
[EventType "team-tourn"]
[EventRounds "15"]
[EventCountry "GER"]
[SourceTitle "CBM 116"]
[Source "ChessBase"]
[SourceDate "2007.02.01"]
[SourceVersion "1"]
[SourceVersionDate "2007.02.01"]
[SourceQuality "1"]
[WhiteTeam "Solingen"]
[BlackTeam "Katernberg"]
[WhiteTeamCountry "GER"]
[BlackTeamCountry "GER"]

1. d4 {Aronian,Levon} Nf6 2. Nf3 d5 3. c4 e6 4. Bg5 h6 5. Bxf6 Qxf6 6. Nbd2 Nd7 ({RR} 6... g6 7. Qc2 Qe7 8. g3 Bg7 9. Bg2 O-O 10. Rc1 c5 11. cxd5 cxd4 12. Qxc8 Rxc8 13. Rxc8+ Kh7 14. h4 Bf6 15. Ne4 exd5 16. Nxf6+ Qxf6 17. O-O Kg7 18. Rfc1 d3 19. exd3 Qxb2 20. Re1 Qxa2 21. g4 {Bu Xiangzhi (2676)-Hovhannisyan,R (2607) Benasque ESP 2023 1-0 (39)}) ({RR} 6... dxc4 7. e3 g6 8. Bxc4 Bg7 9. O-O O-O 10. b4 Qe7 11. Rb1 Nd7 12. Qc2 c6 13. a4 b6 14. a5 Rb8 15. Rfc1 Bb7 16. Bd3 Rfc8 17. a6 Ba8 18. e4 c5 19. bxc5 bxc5 20. Rxb8 Rxb8 21. dxc5 {Nikolic,P (2631)-Roiz,M (2605) Valjevo 2007 ½-½ (86)}) 7. Rc1 c6 8. g3 ({RR} 8. a3 g5 9. h3 ({RR} 9. e3 Bg7) ({RR} 9. e4 g4 10. e5 Qd8 ({RR} 10... Qf5 11. Ng1 ({RR} 11. Nh4 Qf4 12. Nb3 Be7) 11... c5 12. cxd5 cxd4 13. dxe6 Qxe5+ 14. Qe2 fxe6) 11. Ng1 Qb6 12. Nb3 a5 ({RR} 12... c5 13. Bd3 cxd4 14. f4) 13. c5 Qd8 14. Nd2 Rg8) 9... h5 10. cxd5 ({RR} 10. e4 g4 11. e5 Qg7) 10... exd5 11. e4 g4 12. e5 Qg7 13. Nh4 Qg5 14. g3 f6 15. e6 Nb6 16. Rc3 ({RR} 16. Bd3 Bxe6 17. Ng6 Rg8) 16... Bxe6 17. Re3 Kd7 ({RR} 17... Qg8 18. Ng6 Bh6 ({RR} 18... Qxg6 19. Bd3 f5 20. hxg4) 19. Nxh8 Bxe3 20. fxe3 Qxh8 21. hxg4 Qg7 22. g5) 18. Bd3 Re8 ({RR} 18... Nc4 19. Bxc4 dxc4 20. Ne4 Qa5+ 21. Kf1) ({RR} 18... Bd6 19. Rxe6 Kxe6 20. Nf5 Kd7) 19. Ng6 Rg8 ({RR} 19... Nc4 20. h4 Qh6 ({RR} 20... Nxe3 21. Qb3 Qh6 22. Qxb7+ Kd6 23. Nxh8) 21. Nxc4 dxc4 22. d5) 20. Nf4 Bh6 ({RR} 20... Bf7 21. Rxe8 Kxe8 22. hxg4 Qxg4 23. Be2 Qd7 24. Bxh5 Bd6) 21. Bh7 Rgf8 ({RR} 21... Rg7 22. h4 Qxf4 23. gxf4 Rxh7 24. Nb3) 22. Nb3 ({RR} 22. Bg6 Bf7 23. h4 Qxg6 24. Nxg6 Bxg6) 22... Bf7 {Aronian,L (2739)-Anand,V (2799) Nice 2008 CBM 123 Extra [Aronian,Levon] 1-0 (50)} ({RR} 22... Kd6 23. Nxe6 Rxe6 24. Rxe6+ Kxe6)) 8... Qe7 $146 ({RR} 8... dxc4 9. Rxc4 Be7 10. Bg2 e5 11. O-O O-O 12. e3 Re8 13. a3 Bf8 14. Qc2 exd4 15. Rxd4 Ne5 16. Nxe5 Qxe5 17. Nc4 Qc7 18. Rfd1 Be6 19. Qc3 Rad8 20. Na5 Be7 21. Rxd8 Rxd8 22. Rxd8+ Bxd8 23. Nc4 {Arsovic,G (2469)-Stojanovic,M (2561) Zlatibor 2008 0-1 (44)}) ({RR} 8... dxc4 9. Bg2 e5 10. O-O Be7 11. Nxc4 exd4 12. Nxd4 O-O 13. e4 Rd8 14. Nf5 Ne5 15. Nxe7+ Qxe7 16. Qe2 Nxc4 17. Qxc4 Be6 18. Qc2 Rd4 19. Rfd1 Rad8 20. b3 Qb4 21. Rxd4 Qxd4 22. Bf3 Qd3 23. Be2 {Testor,S (2318)-Heinz,A (2436) Germany 2010 ½-½ (33)}) 9. Bg2 g6 10. O-O Bg7 11. e4 dxe4 12. Nxe4 Nf6 13. Nc5 O-O 14. b4 Rd8 15. Qb3 Qc7 16. b5 Nd7 17. Ne4 f5 18. Ned2 c5 19. Qe3 Kh7 20. Nb3 cxd4 21. Nfxd4 Nf6 22. Rfe1 Re8 23. c5 e5 24. b6 axb6 25. Nb5 Qe7 26. Nd6 Rd8 27. Qxe5 Qxe5 28. Rxe5 Rxa2 29. Bxb7 Bxb7 30. Nxb7 Rd7 31. c6 Rc7 32. Nd8 Ne4 33. Rd5 Nc3 34. Rd6 Ne2+ 35. Kg2 Nxc1 36. Nxc1 Rc2 37. Nd3 Rd2 38. Kf3 Bf8 39. Rd5 Bc5 40. Kf4 h5 41. h4 Kh6 42. Kf3 Re7 43. c7 Rxc7 44. Ne6 Re7 45. Nef4 Re4 46. Rxc5 Rxf4+ 0-1

[Event "Titled Tue 21st Feb Early"]
[Site "chess.com INT"]
[Date "2023.02.21"]
[Round "11"]
[White "Bacrot, E."]
[Black "Andreikin, D."]
[Result "0-1"]
[WhiteElo "2653"]
[BlackElo "2729"]
[PlyCount "92"]
[EventDate "2023.02.21"]

1. d4 Nf6 2. Nf3 e6 3. c4 d5 4. Nc3 c6 5. Bg5 h6 6. Bxf6 Qxf6 7. Qb3 Qe7 8. g3 ({RR} 8. a3 g6 9. e4 Bg7 10. Bd3 O-O 11. O-O c5 12. cxd5 cxd4 13. Nb5 exd5 14. exd5 Na6 15. Rfe1 Qd8 16. Rac1 b6 17. Nfxd4 Nc5 18. Qc2 Bxd4 19. Nxd4 Qxd5 20. Be4 Qxd4 21. Rcd1 Qf6 22. Bxa8 Bf5 {Navara,D (2737)-Karjakin,S (2773) Saint Louis 2017 0-1 (55)}) ({RR} 8. e3 Nd7 9. Rc1 Nb6 10. cxd5 exd5 11. Bd3 g6 12. a4 Qb4 13. Qc2 Bg7 14. a5 Nc4 15. Bxc4 Qxc4 16. Qe2 Qb4 17. a6 b5 18. O-O Bxa6 19. e4 O-O 20. exd5 Rfe8 21. Qd3 Rac8 22. Ra1 Bb7 {Aradhya,G (2344)-Andreikin,D (2729) chess.com INT 2023 ½-½ (117)}) 8... Qb4 $146 ({RR} 8... Nd7 9. Bg2 g6 10. O-O Bg7 11. e4 dxc4 12. Qxc4 e5 13. d5 Nb6 14. Qb3 O-O 15. a4 cxd5 16. exd5 e4 17. Nh4 g5 18. a5 gxh4 19. axb6 h3 20. d6 Qxd6 21. Bxe4 Be6 22. Bd5 Qxb6 23. Qxb6 {Dinh Nho Kiet (2337)-Laohawirapap,P (2398) Ulaanbaatar MGL 2026 ½-½ (35)}) 9. Bg2 Nd7 10. O-O dxc4 11. Qc2 Be7 12. Rad1 O-O 13. Nd2 Nb6 14. a3 Qa5 15. Nce4 e5 16. Nxc4 Nxc4 17. Qxc4 Be6 18. Qc2 exd4 19. Rxd4 Rad8 20. Rfd1 Rxd4 21. Rxd4 Qe1+ 22. Bf1 Rd8 23. Rxd8+ Bxd8 24. Qc3 Qb1 25. Nd2 Qd1 26. Qd3 Bf6 27. Ne4 Qa1 28. Nxf6+ gxf6 29. b4 Bh3 30. e4 b5 31. g4 Bxf1 32. Qxf1 Qxa3 33. Qe1 c5 34. bxc5 Qxc5 35. Qd2 Kg7 36. h4 b4 37. Qd3 Qc3 38. Qd6 Qe1+ 39. Kh2 Qxf2+ 40. Kh3 Qf3+ 41. Qg3 Qxg3+ 42. Kxg3 b3 43. g5 b2 44. g6 fxg6 45. h5 gxh5 46. e5 fxe5 0-1

[Event "Titled Tue 5th Nov Late"]
[Site "chess.com INT"]
[Date "2024.11.05"]
[Round "7"]
[White "Xiong, Jeffery"]
[Black "Nakamura, Hi"]
[Result "0-1"]
[WhiteElo "2636"]
[BlackElo "2802"]
[PlyCount "92"]
[EventDate "2024.11.05"]

1. d4 d5 2. c4 e6 3. Nf3 a6 4. Bg5 Be7 5. Bxe7 Qxe7 6. Nbd2 Nf6 7. g3 O-O 8. Bg2 Rd8 ({RR} 8... b6 9. cxd5 exd5 10. O-O Bb7 11. Rc1 a5 12. Re1 c5 13. dxc5 bxc5 14. e4 Nxe4 15. Nh4 Qf6 16. Nxe4 dxe4 17. Rxc5 Na6 18. Rxa5 Qxb2 19. Bxe4 Bxe4 20. Rxe4 Rad8 21. Rd5 Rxd5 22. Qxd5 Nb4 23. Qb3 {Ding,L (2805)-Carlsen,M (2861) Cupar 2019 ½-½ (65)}) ({RR} 8... b6 9. cxd5 exd5 10. O-O h6 11. Rc1 Be6 12. Qb3 Rc8 13. e3 Nbd7 14. Rc6 Nb8 15. Rc2 Nbd7 16. Rc6 Nb8 17. Rc2 Nbd7 18. Rc6 {½-½ (18) Xiong,J (2647)-Nguyen Ngoc Truong Son (2633) chess.com INT 2024}) 9. Qc2 ({RR} 9. O-O Nc6 10. e3 Bd7 11. Rc1 Rac8 12. a3 Be8 13. Qc2 e5 14. cxd5 Nxd5 15. e4 Nb6 16. d5 Na7 17. Qc3 f6 18. Qe3 Nb5 19. Rc2 Bd7 20. Nb3 Nd6 21. Rfc1 f5 22. Rxc7 Nbc4 23. R7xc4 Nxc4 {Volkov,M (2366)-Khismatullin,D (2532) Moscow RUS 2026 0-1 (48)}) 9... dxc4 $146 ({RR} 9... Nc6 10. O-O dxc4 11. Qxc4 e5 12. dxe5 Nxe5 13. Qc3 Nxf3+ 14. Bxf3 c6 15. Nb3 Bg4 16. Rfd1 Bxf3 17. Qxf3 Qe5 18. Rxd8+ Rxd8 19. Rb1 h5 20. e3 Ne4 21. Qe2 a5 22. a4 Qd5 23. Nd4 c5 24. Nf3 {Jedlicka,A (2128)-Sorensen,H (2432) Teplice CZE 2025 0-1}) 10. Qxc4 b5 11. Qc2 Bb7 12. O-O Rc8 13. Nb3 Nbd7 14. Na5 Be4 15. Qd2 c5 16. dxc5 Rxc5 17. Rac1 Rac8 18. Rxc5 Rxc5 19. Rc1 Bd5 20. Nd4 Bxg2 21. Kxg2 Qd6 22. Rxc5 Nxc5 23. Ndb3 Qxd2 24. Nxd2 Na4 25. Ndb3 Nd7 26. Nc6 Nxb2 27. Nb4 Nb8 28. Kf3 Nc4 29. Nd4 Kf8 30. Ke4 Ke7 31. f4 Kd6 32. Kd3 Kc5 33. Kc3 Ne3 34. Nd3+ Kd6 35. Ne5 f6 36. Nd3 Nc6 37. Nxc6 Kxc6 38. Nb4+ Kb6 39. Kd4 Nf1 40. e4 Nxh2 41. f5 exf5 42. exf5 Nf1 43. g4 Nh2 44. Nd5+ Kc6 45. Nb4+ Kb7 46. g5 fxg5 0-1

[Event "Prague simul"]
[Site "Prague"]
[Date "2016.12.04"]
[Round "1.6"]
[White "Navara, David"]
[Black "Movsesian, Sergei"]
[Result "1/2-1/2"]
[WhiteElo "2725"]
[BlackElo "2673"]
[PlyCount "91"]
[EventDate "2016.12.04"]
[EventType "simul"]
[EventRounds "1"]
[EventCountry "CZE"]
[SourceTitle "CBM 175 Extra"]
[Source "ChessBase"]
[SourceDate "2016.12.12"]
[SourceVersion "1"]
[SourceVersionDate "2016.12.12"]
[SourceQuality "1"]

1. Nf3 {Aronian,Levon} d5 2. d4 Nf6 3. c4 e6 4. Bg5 h6 5. Bxf6 Qxf6 6. Nbd2 Qd8 ({RR} 6... Nd7 7. Rc1 c6 8. a3 g5 9. h3 ({RR} 9. e3 Bg7) ({RR} 9. e4 g4 10. e5 Qd8 ({RR} 10... Qf5 11. Ng1 ({RR} 11. Nh4 Qf4 12. Nb3 Be7) 11... c5 12. cxd5 cxd4 13. dxe6 Qxe5+ 14. Qe2 fxe6) 11. Ng1 Qb6 12. Nb3 a5 ({RR} 12... c5 13. Bd3 cxd4 14. f4) 13. c5 Qd8 14. Nd2 Rg8) 9... h5 10. cxd5 ({RR} 10. e4 g4 11. e5 Qg7) 10... exd5 11. e4 g4 12. e5 Qg7 13. Nh4 Qg5 14. g3 f6 15. e6 Nb6 16. Rc3 ({RR} 16. Bd3 Bxe6 17. Ng6 Rg8) 16... Bxe6 17. Re3 Kd7 ({RR} 17... Qg8 18. Ng6 Bh6 ({RR} 18... Qxg6 19. Bd3 f5 20. hxg4) 19. Nxh8 Bxe3 20. fxe3 Qxh8 21. hxg4 Qg7 22. g5) 18. Bd3 Re8 ({RR} 18... Nc4 19. Bxc4 dxc4 20. Ne4 Qa5+ 21. Kf1) ({RR} 18... Bd6 19. Rxe6 Kxe6 20. Nf5 Kd7) 19. Ng6 Rg8 ({RR} 19... Nc4 20. h4 Qh6 ({RR} 20... Nxe3 21. Qb3 Qh6 22. Qxb7+ Kd6 23. Nxh8) 21. Nxc4 dxc4 22. d5) 20. Nf4 Bh6 ({RR} 20... Bf7 21. Rxe8 Kxe8 22. hxg4 Qxg4 23. Be2 Qd7 24. Bxh5 Bd6) 21. Bh7 {Aronian,L (2739)-Anand,V (2799) Nice 2008 CBM 123 Extra [Aronian,Levon] 1-0 (50)} {RR} Rg7 22. h4 Qxf4 23. gxf4 Rxh7 24. Nb3) ({RR} 6... c6 7. Qc2 dxc4 8. Qxc4 Nd7 9. Qc3 c5 10. e3 cxd4 11. Nxd4 Be7 12. Bd3 O-O 13. O-O Nc5 14. Ne4 Qe5 15. Nc6 Qxc3 16. Nxe7+ Kh8 17. bxc3 Nxd3 18. Nd6 Bd7 19. Rfd1 Ne5 20. f4 Nc6 21. Nxb7 {Rustemov,A (2538)-Navara,D (2703) Germany 2014 ½-½ (52)}) 7. g3 c5 $146 ({RR} 7... Be7 8. Bg2 O-O 9. O-O Nd7 10. Rc1 c5 11. dxc5 Nxc5 12. b4 Ne4 13. Qb3 a5 14. a3 axb4 15. axb4 Qb6 16. c5 Nxd2 17. Nxd2 Qa6 18. e4 Qa2 19. Rfd1 Qxb3 20. Nxb3 Ra4 21. exd5 exd5 22. c6 {Nielsen,P (2649)-Kjartansson,G (2447) Koge 2013 ½-½ (45)}) ({RR} 7... b6 8. Bg2 Bb7 9. Ne5 Nd7 10. Nxd7 Qxd7 11. O-O Be7 12. Rc1 O-O 13. Qc2 Rac8 14. Rfd1 Rfd8 15. e3 c5 16. dxc5 bxc5 17. Nb3 Qa4 18. a3 Ba8 19. Nd2 Qxc2 20. Rxc2 Bf6 21. cxd5 exd5 22. Nb3 {Todorovic,B (2195)-Sydoryka,V (2294) chess.com INT 2023 0-1 (74)}) ({RR} 7... Be7 8. Bg2 O-O 9. O-O Nd7 10. e4 dxe4 11. Nxe4 Nf6 12. Nc3 c5 13. a3 cxd4 14. Qxd4 Qxd4 15. Nxd4 Rb8 16. b4 Rd8 17. Rfd1 e5 18. Ndb5 Rxd1+ 19. Rxd1 a6 20. Nc7 Bg4 21. Re1 Bd6 22. N7d5 {Navara,D (2715)-Karavade,E (2398) Pardubice 2013 1-0 (48)}) 8. Bg2 dxc4 9. Qa4+ Nd7 10. O-O a6 11. dxc5 Bxc5 12. Qxc4 b5 13. Qc3 Qf6 14. Ne5 Ra7 15. Bc6 Bd6 16. Qd4 Bb8 17. f4 O-O 18. Ne4 Qe7 19. Bxd7 Bxd7 20. Rfd1 Rc7 21. Rac1 Be8 22. Kg2 Rxc1 23. Rxc1 Qb7 24. Kh3 f6 25. Nf3 Bc6 26. Nc5 Qc8 27. g4 h5 28. Qe3 hxg4+ 29. Kxg4 e5+ 30. f5 Ba7 31. Qb3+ Kh7 32. Ne6 Bxf3+ 33. Qxf3 Qxc1 34. Nxf8+ Kg8 35. Ne6 Qg1+ 36. Kh3 Bd4 37. b3 e4 38. Qg2 Qe3+ 39. Kh4 Qh6+ 40. Kg4 Be5 41. h4 Qe3 42. Kh5 Bg3 43. Kg4 Be1 44. Nf4 Kh7 45. Kh5 Qxf4 46. Qg6+ 1/2-1/2

[Event "CZE-chT 1112"]
[Site "Czech Republic"]
[Date "2012.03.03"]
[Round "7.3"]
[White "Kempinski, Robert"]
[Black "Hracek, Zbynek"]
[Result "1-0"]
[WhiteElo "2604"]
[BlackElo "2624"]
[PlyCount "90"]
[EventDate "2011.10.08"]
[EventType "team-tourn"]
[EventRounds "11"]
[EventCountry "CZE"]
[SourceTitle "EXT 2013"]
[Source "ChessBase"]
[SourceDate "2012.11.22"]
[SourceVersion "1"]
[SourceVersionDate "2012.11.22"]
[SourceQuality "1"]
[WhiteTeam "Pardubice"]
[BlackTeam "Novoborsky"]
[WhiteTeamCountry "CZE"]
[BlackTeamCountry "CZE"]

1. d4 Nf6 2. c4 e6 3. Nf3 d5 4. e3 Nbd7 5. Nbd2 c5 ({RR} 5... b6 6. cxd5 exd5 7. Ne5 Bb7 8. f4 c5 9. g4 cxd4 10. exd4 Bb4 11. g5 Nxe5 12. fxe5 Nd7 13. Qg4 Qc8 14. a3 Be7 15. Nf3 Nf8 16. Bb5+ Bc6 17. Qxc8+ Rxc8 18. Bd3 Ne6 19. Be3 Ba4 20. Kd2 {Bartel,M (2594)-Fressinet,L (2666) Budva 2009 ½-½ (35)}) ({RR} 5... a6 6. b3 b6 7. Bd3 Bb7 8. O-O Bd6 9. Qc2 O-O 10. e4 dxe4 11. Nxe4 Nxe4 12. Bxe4 Bxe4 13. Qxe4 Nf6 14. Qe2 c5 15. Bb2 Qe7 16. Rad1 cxd4 17. Nxd4 Qc7 18. h3 Rad8 19. Rd3 Bc5 20. Qf3 {Kempinski,R (2600)-Piorun,K (2513) Warsaw 2011 1-0 (60)}) 6. cxd5 ({RR} 6. b3 cxd4 7. Nxd4 Bc5 8. Bb2 O-O 9. Be2 Qe7 10. O-O Ba3 11. Qc1 Bxb2 12. Qxb2 Rd8 13. Rac1 Ne5 14. cxd5 Nxd5 15. N2f3 Nxf3+ 16. Bxf3 e5 17. Bxd5 Rxd5 18. Nf3 Bg4 19. e4 Bxf3 20. exd5 Qg5 {Kotsyuba,V (2282)-Mikhailovsky,V (2215) chess.com INT 2026 0-1 (97)}) 6... exd5 7. b3 cxd4 $146 ({RR} 7... b6 8. Bb2 Bd6 9. Be2 O-O 10. O-O Re8 11. Bb5 Qc7 12. dxc5 bxc5 13. Bxf6 gxf6 14. Qc2 Rb8 15. Bd3 Nf8 16. Rfd1 Bg4 17. h3 Bh5 18. Rac1 Rb4 19. Re1 Bg6 20. e4 d4 21. a3 Rb7 22. b4 {Wichmann,C (2363)-Haasler,A (2252) Bad Woerishofen 2015 ½-½ (38)}) 8. Nxd4 Bb4 9. Be2 O-O 10. O-O Bc3 11. Rb1 Bxd4 12. exd4 Re8 13. Bb2 Nf8 14. Re1 Qb6 15. Rc1 Bd7 16. Nf3 Bb5 17. Ne5 Bxe2 18. Rxe2 Rac8 19. Rec2 Rxc2 20. Rxc2 Ne6 21. g3 g6 22. Kg2 Ne4 23. Qf3 N6g5 24. Qg4 Qd8 25. h4 Ne6 26. Qf3 f6 27. Nd3 b6 28. Qd1 Re7 29. f3 Nd6 30. Re2 Nf5 31. Qe1 Kf7 32. Qf2 Qd6 33. g4 Nfg7 34. f4 f5 35. Bc3 a5 36. b4 fxg4 37. bxa5 bxa5 38. Bxa5 Qa6 39. Ne5+ Kg8 40. Bd2 Nxd4 41. Re1 Ngf5 42. Nxg4 Re4 43. Bc3 Rxe1 44. Bxe1 Qd3 45. Ne5 Nc2 1-0